000 00291nam a22001337a 4500
008 170831b xxu||||| |||| 00| 0 eng d
020 _a0534067026
041 _aeng
080 _22ND
_a070
100 _a40
101 _aMED
245 _aMASS MEDIA RESEARCH
_cWIMMER,R.D
942 _2udc
_cBK
999 _c25754
_d25754